Ground water rules cost more (Record no. 117990)

MARC details
000 -LEADER
fixed length control field 01152cam a2200241 4500
001 - CONTROL NUMBER
control field ABS68238
008 - FIXED-LENGTH DATA ELEMENTS--GENERAL INFORMATION
fixed length control field 040914n2004 000 0 eng u
035 ## - SYSTEM CONTROL NUMBER
System control number (Sirsi) u127390
100 ## - MAIN ENTRY--PERSONAL NAME
Personal name Sheridan, P.
245 ## - TITLE STATEMENT
Title Ground water rules cost more
260 ## - PUBLICATION, DISTRIBUTION, ETC.
Date of publication, distribution, etc. 2004
490 ## - SERIES STATEMENT
Series statement Wastes Management
Volume/sequential designation September 2004, 46(1)
520 ## - SUMMARY, ETC.
Summary, etc. Briefly discusses the new draft groundwater directive, first of a series of daughter directives to support the water framework directive (Directive 2000/60/EC). The draft directive is intended to replace the current directive (Directive 80/68/EEC) in 2013 but obligations under the new directive, if made law, will have to be met sooner. Under the new directive, member states will have to draw up threshold values for a number of pollutants identified as groundwater pollutants, athough only nitrates and pesticides have a specific limit in the draft.
590 ## - LOCAL NOTE (RLIN)
Local note ABS
590 ## - LOCAL NOTE (RLIN)
Local note ABS
650 ## - SUBJECT ADDED ENTRY--TOPICAL TERM
Topical term or geographic name entry element DIRECTIVE 2000/60/EC
650 ## - SUBJECT ADDED ENTRY--TOPICAL TERM
Topical term or geographic name entry element WATER POLLUTION LAW
650 ## - SUBJECT ADDED ENTRY--TOPICAL TERM
Topical term or geographic name entry element WATER INDUSTRY
650 ## - SUBJECT ADDED ENTRY--TOPICAL TERM
Topical term or geographic name entry element GROUNDWATER PROTECTION
690 ## - LOCAL SUBJECT ADDED ENTRY--TOPICAL TERM (OCLC, RLIN)
Topical term or geographic name as entry element ENVIRONMENT-CONTAMINATION
700 ## - ADDED ENTRY--PERSONAL NAME
Personal name Ryan, A.
942 ## - ADDED ENTRY ELEMENTS (KOHA)
Suppress in OPAC 0
Holdings
Withdrawn status Lost status Source of classification or shelving scheme Damaged status Not for loan Home library Current library Shelving location Date acquired Total Checkouts Full call number Barcode Date last seen Copy number Price effective from Koha item type
    Dewey Decimal Classification     London London Journal article 14/09/2004   ABS68238 127390-1001 06/08/2019 1 06/08/2019 Journal article